Manufacture of Thinners & Solvents: (Record no. 188381)

MARC details
000 -LEADER
fixed length control field 00573nam a22001697a 4500
005 - DATE AND TIME OF LATEST TRANSACTION
control field 20220519171455.0
010 ## - LCCN (DPL NO)
LC control number ENG-132726
020 ## - INTERNATIONAL STANDARD BOOK NUMBER
International Standard Book Number 9789381039830
Terms of availability 1575.00
035 ## - SYSTEM CONTROL NUMBER
System control number EN-116258
037 ## - SOURCE OF ACQUISITION
Source of stock number/acquisition DBAD/PUB
082 ## - DEWEY DECIMAL CLASSIFICATION NUMBER
Classification number 667.624
245 ## - TITLE STATEMENT
Title Manufacture of Thinners & Solvents:
Remainder of title Properties, Uses, Production, Formulation with Machinery Details/
260 ## - PUBLICATION, DISTRIBUTION, ETC. (IMPRINT)
Place of publication, distribution, etc Delhi
Name of publisher, distributor, etc NIIR Project Consultancy Services
Date of publication, distribution, etc 2017
270 ## - ADDRESS
City Delhi
Address 106-E, Kamla Nagar
Postal code 110007
Electronic mail address npcs.india@gmail.com
300 ## - PHYSICAL DESCRIPTION
Extent 218p.
Dimensions 22cm(pbk)
942 ## - ADDED ENTRY ELEMENTS (KOHA)
Source of classification or shelving scheme Dewey Decimal Classification
Item type English Books
Classification part 667.624
Call number suffix MAN
Holdings
Withdrawn status Lost status Not for loan Collection code Home library Current library Date acquired Source of acquisition Cost, normal purchase price Full call number Barcode Copy number Cost, replacement price Koha item type
      Non-fiction Patel Nagar Patel Nagar 19/05/2022 DBAD/PUB 1575.00 667.624 MAN EN-116258 1 1575.00 English Books

© Delhi Public Library
Hit Counter
free hit counter